000 00623nam a2200253Ia 4500
005 20260121161058.0
008 008 260114s9999 xx 000 0 eng d
020 _a9781315827698
037 _aEBOOK
040 _aCRL
040 _beng
040 _cCRL
041 _2eng
041 _aeng
084 _qCRL
100 _a Bernard Segal
_91039932
245 0 _aConducting Drug Abuse Research with Minority Populations
260 _bTaylor and Francis
260 _c1999
856 _uhttp://www.taylorfrancis.com/books/9781315827698
942 _cEBOOK
999 _c1606748
_d1606748